Michaël Fœssel : “L’humanité, c’est la liberté. Point final” (notice n° 2073780)
[ vue normale ]
| 000 -LEADER | |
|---|---|
| fixed length control field | 00592cam a2200169 4500500 |
| 005 - DATE AND TIME OF LATEST TRANSACTION | |
| control field | 20260405004116.0 |
| 041 ## - LANGUAGE CODE | |
| Language code of text/sound track or separate title | fre |
| 042 ## - AUTHENTICATION CODE | |
| Authentication code | dc |
| 100 10 - MAIN ENTRY--PERSONAL NAME | |
| Personal name | Ortoli, Sven |
| Relator term | author |
| 245 00 - TITLE STATEMENT | |
| Title | Michaël Fœssel : “L’humanité, c’est la liberté. Point final” |
| 260 ## - PUBLICATION, DISTRIBUTION, ETC. | |
| Date of publication, distribution, etc. | 2024.<br/> |
| 500 ## - GENERAL NOTE | |
| General note | 90 |
| 690 ## - LOCAL SUBJECT ADDED ENTRY--TOPICAL TERM (OCLC, RLIN) | |
| Topical term or geographic name as entry element | Kant |
| 690 ## - LOCAL SUBJECT ADDED ENTRY--TOPICAL TERM (OCLC, RLIN) | |
| Topical term or geographic name as entry element | Michaël Fœssel |
| 786 0# - DATA SOURCE ENTRY | |
| Note | Philosophie magazine - Hors séries | Hors série - Hiver 2024 | HS60 | 2024-01-01 | p. 4-7 | 2104-9246 |
| 856 41 - ELECTRONIC LOCATION AND ACCESS | |
| Uniform Resource Identifier | <a href="https://shs.cairn.info/magazine-philosophie-magazine-2024-hs60-page-4?lang=fr&redirect-ssocas=7080">https://shs.cairn.info/magazine-philosophie-magazine-2024-hs60-page-4?lang=fr&redirect-ssocas=7080</a> |
Pas d'exemplaire disponible.




Réseaux sociaux